书目信息 |
| 题名: |
无人机手册
|
|
| 作者: | 瓦拉瓦尼斯 , 瓦克塞万诺斯 主编 ;姜梁 , 闫玉 主译 | |
| 分册: | 第5卷 | |
| 出版信息: | 北京 国防工业出版社 2021.3 |
|
| 页数: | 20,500页 | |
| 开本: | 24cm | |
| 丛书名: | ||
| 单 册: | ||
| 中图分类: | V279 | |
| 科图分类: | ||
| 主题词: | 无人驾驶飞机--手册 | |
| 电子资源: | ||
| ISBN: | 978-7-118-11910-7 | |
| 000 | 01550nam0 2200313 45 | |
| 001 | 012001001482 | |
| 005 | 20211012153111.69 | |
| 010 | @a978-7-118-11910-7@b精装@dCNY388.00 | |
| 100 | @a20191227d2020 em y0chiy50 ea | |
| 101 | 1 | @achi@ceng |
| 102 | @aCN@b110000 | |
| 105 | @aak az 000yy | |
| 106 | @ar | |
| 200 | 1 | @a无人机手册@Awu ren ji shou ce@h第5卷@b专著@dHandbook of unmanned aerial vehicles@hVolume 5@f(美)基蒙·P. 瓦拉瓦尼斯,乔治·J. 瓦克塞万诺斯主编@g姜梁,闫玉主译@zeng |
| 210 | @a北京@c国防工业出版社@d2021.3 | |
| 215 | @a20,500页@c图,照片@d24cm | |
| 300 | @a国家出版基金项目、“十三五”国家重点出版物出版规划项目 | |
| 300 | @a并列题名:Handbook of unmanned aerial vehicles | |
| 320 | @a有书目 | |
| 330 | @a《无人机手册》共五卷,主要内容包括第一卷:无人机设计原则、基本原理、传感器、推进系统等;第二卷:无人机控制技术、通信、体系结构、健康管理等;第三卷:无人机的建模、模拟、评估和鉴定、微型/仿生无人机、任务与路径规划、自主性等;第四卷:无人机感知、检测和规避系统、网络化无人机和无人机群、融入国家空管系统等;第五卷:无人机人机界面和决策支持系统、人为因素和培训、后勤保障、应用、社会问题和伦理问题等。 | |
| 510 | 1 | @aHandbook of unmanned aerial vehicles@hVolume 5@zeng |
| 606 | 0 | @a无人驾驶飞机@j手册 |
| 690 | @aV279@v5 | |
| 701 | 1 | @c(美)@a瓦拉瓦尼斯@Awa la wa ni si@gValavanis, Kimon P.@4主编 |
| 701 | 1 | @c(美)@a瓦克塞万诺斯@Awa ke sai wan nuo si@gVachtsevanos, George J.@4主编 |
| 702 | 0 | @a姜梁@Ajiang liang@4主译 |
| 702 | 0 | @a闫玉@Ayan yu@4主译 |
| 801 | 0 | @aCN@bBJSDL@c20211011 |
| 905 | @b1334680-2@dV279@e71:5@f3 | |
| 无人机手册.第5卷=Handbook of unmanned aerial vehicles.Volume 5/(美)基蒙·P. 瓦拉瓦尼斯,乔治·J. 瓦克塞万诺斯主编/姜梁,闫玉主译.-北京:国防工业出版社,2021.3 |
| 20,500页:图,照片;24cm |
| 国家出版基金项目、“十三五”国家重点出版物出版规划项目.-并列题名:Handbook of unmanned aerial vehicles |
| ISBN 978-7-118-11910-7(精装):CNY388.00 |
| 《无人机手册》共五卷,主要内容包括第一卷:无人机设计原则、基本原理、传感器、推进系统等;第二卷:无人机控制技术、通信、体系结构、健康管理等;第三卷:无人机的建模、模拟、评估和鉴定、微型/仿生无人机、任务与路径规划、自主性等;第四卷:无人机感知、检测和规避系统、网络化无人机和无人机群、融入国家空管系统等;第五卷:无人机人机界面和决策支持系统、人为因素和培训、后勤保障、应用、社会问题和伦理问题等。 |
| ● |
| 相关链接 |
|
|
|
|
正题名:无人机手册
索取号:V279/71:5
 
预约/预借
| 序号 | 登录号 | 条形码 | 馆藏地/架位号 | 状态 | 备注 |
| 1 | 1334680 | 213346805 | 第二样本阅览室/ [索取号:V279/71:5] | 在馆 | |
| 2 | 1334681 | 213346814 | 第三借阅区/ [索取号:V279/71:5] | 在馆 | |
| 3 | 1334682 | 213346823 | 第三借阅区/ [索取号:V279/71:5] | 在馆 |